LEADER 01010nam a2200277 i 4500 001 991001136799707536 005 20020507183932.0 008 960626s1972 ||| ||| | fre 035 $ab10805965-39ule_inst 035 $aLE01307630$9ExL 040 $aDip.to Matematica$beng 082 0 $a515.93 084 $aAMS 30-01 084 $aAMS 30-XX 100 1 $aLavrent`ev, Miklail Miklaîlovic$0535937 245 10$aMéthodes de la théorie des fonctions d'une variable complexe /$cM. Lavrentiev, B. Chabat 260 $aMoscou :$bMIR,$c1972 300 $a728 p. ;$c23 cm. 650 4$aFunctions of a complex variable 700 1 $aChabat, B. 907 $a.b10805965$b02-04-14$c28-06-02 912 $a991001136799707536 945 $aLE013 30-XX LAV11 (1972)$g1$i2013000052083$lle013$o-$pE0.00$q-$rl$s- $t0$u9$v1$w9$x0$y.i1091058x$z28-06-02 996 $aMéthodes de la théorie des fonctions d'une variable complexe$9925806 997 $aUNISALENTO 998 $ale013$b01-01-96$cm$da $e-$feng$gxx $h0$i1